Word Ladder: Tools of War Quiz Stats

 Plays Quiz Updated Feb 5, 2012

Support Sporcle.
Go Orange.
Score 0/26 Timer 02:00
0 Plays Today
Clue 4-Letter Word % Correct
Explosive device*BOMB*
96.9%
Lacking hairBALD
95%
Burial placeTOMB
93.3%
A storyTALE
91.7%
To converseTALK
91.6%
The Dark Knight's ChristianBALE
88.5%
A tusked wild pigBOAR
88.2%
A Great breed of dogDANE
87.8%
Large armored vehicle on tracks*TANK*
87.4%
Outerwear to protect against coldCOAT
85.7%
Brazen and willing to take risksBOLD
85.2%
To receive a sound through one's earsHEAR
85%
Ferries soldiers across water*BOAT*
83.8%
Clue 4-Letter Word % Correct
Description of caves, often also cold and darkDANK
81.3%
Animal depicted in Ursa MajorBEAR
81%
Movie ForrestGUMP
78.6%
Female knightDAME
78.6%
Ancient bookTOME
77.6%
Manufacturer of the .45 caliber 'Peacemaker'*COLT*
77.4%
A species of whale have this on their backHUMP
76.8%
These hold your teeth in placeGUMS
75.4%
Half a sphereDOME
75.2%
A pileHEAP
74.8%
Material derived from the fibers of Cannabis plantsHEMP
74.3%
Crossbow ammunition*BOLT*
73.3%
Most widely used tool for killing worldwide*GUNS*
72%

Today's Daily Dose

Word Ladder
ING Words

Get the Picture
Nearest Volcano

From the Vault

Almost Equatorial Capitals

by nsd354

These capitals are always in the middle of the pack.
Remove Ads.
Support Sporcle.
Get the best of Sporcle when you Go Orange. This ad-free experience offers more features, more stats, and more fun while also helping to support Sporcle. Thank you for becoming a member.

Show Comments

Extras

Top Quizzes Today


Score Distribution

Your Account Isn't Verified!

In order to create a playlist on Sporcle, you need to verify the email address you used during registration. Go to your Sporcle Settings to finish the process.

Report this User

Report this user for behavior that violates our Community Guidelines.

Details: